| 000 | 00344nam a2200133Ia 4500 | ||
|---|---|---|---|
| 008 | 240624s9999 xx 000 0 und d | ||
| 041 | _aeng | ||
| 082 | _a659.1 BAR | ||
| 100 | _aBARRY PETE | ||
| 245 | _aADVERTISING CONCEPT BOOK THINK NOW DESIGN LATER | ||
| 260 |
_c2016 _aNew York _bThames & Hudson |
||
| 300 | _a320p. ;23cm. | ||
| 365 |
_c _b33 |
||
| 999 |
_c32576 _d32576 |
||